| 000 | 00724pam a2200241 a 4500 | ||
|---|---|---|---|
| 001 | 4296990 | ||
| 005 | 20250129110852.0 | ||
| 008 | 860709s1987 ctua 001 0 eng c | ||
| 020 | _a0838543464 | ||
| 050 | 1 | 0 |
_aRB111 _b.K45 1987 |
| 082 | 0 | 0 |
_a616.07 _219 |
| 100 | 1 |
_aKent, Thomas H. _q(Thomas Hugh), _d1934- |
|
| 245 | 1 | 0 |
_aIntroduction to human disease / _cThomas H. Kent, Michael Noel Hart. |
| 250 | _a2nd ed. | ||
| 260 |
_aNorwalk, Conn. : _bAppleton-Century-Crofts, _cc1987. |
||
| 300 |
_avii, 631 p. : _bill. ; _c25 cm. |
||
| 500 | _aIncludes index. | ||
| 650 | 0 | _aPathology. | |
| 650 | 0 | _aAllied health personnel. | |
| 650 | 2 | _aPathology. | |
| 700 | 1 |
_aHart, Michael Noel, _d1938- |
|
| 942 |
_2lcc _cBK _e2nd ed. _n0 |
||
| 999 |
_c3203 _d3203 |
||